[Event "Stardust Champ"]
[Site "http://www.queenalice.com/game.php?id=732041"]
[Date "2010.2.14"]
[Round "4"]
[White "szachista92"]
[Black "Astrellap"]
[Result "1-0"]
[WhiteElo "2196"]
[BlackElo "1389"]

1. e4 Nf6 2. Nc3 c6 3. d4 Qa5 4. Bd3 b5 5. Ne2 h6 6. O-O g5 7. e5 b4 8. exf6
bxc3 9. fxe7 Bxe7 10. Nxc3 O-O 11. Qh5 Qd8 12. Qxh6 f5 13. Qg6+ Kh8 14. Bxf5
Rxf5 15. Qxf5 Qf8 16. Qxf8+ Bxf8 17. Bxg5 Na6 18. Ne4 Rb8 19. b3 Bg7 20. c3 d5
21. Nd6 Be6 22. Rfe1 Nc7 23. Bf4 Rf8 24. Bg3 Nb5 25. Nxb5 Rf7 26. Rxe6 1-0

[Event "Game 3.....and your doing so wel"]
[Site "http://www.queenalice.com/game.php?id=757459"]
[Date "2010.4.7"]
[Round "-"]
[White "Astrellap"]
[Black "peaceman"]
[Result "1/2-1/2"]
[WhiteElo "1387"]
[BlackElo "1316"]

1. Nc3 c6 2. Nf3 d5 3. d3 Nf6 4. Qd2 Qd6 5. d4 h6 6. g3 b5 7. Qf4 a6 8. h4 g5 9.
hxg5 Nfd7 10. gxh6 e6 11. h7 f5 12. Bh3 Rxh7 13. Ng5 Rg7 14. Qh4 Nf6 15. Bf4 Qb4
16. O-O c5 17. Rab1 Nbd7 18. a3 Qa5 19. Nxe6 b4 20. Bh6 Rg8 21. Bxf5 Rh8 22.
axb4 Qxb4 23. Nc7+ Kd8 24. Nxa8 cxd4 25. Nd1 Bxh6 26. e3 Qc4 27. Qxd4 Bf8 28. b3
Qe2 29. g4 Qxc2 30. Bxc2 Bd6 31. Ra1 Rh2 32. f4 Rxc2 33. Nb2 Re2 34. Rf2 Rxf2
35. Kxf2 Bb7 36. Qa7 Bb8 37. Qxb7 a5 38. Rc1 Bd6 39. Rc8+ Ke7 40. f5 Nxg4+ 41.
Ke2 Ne5 42. Nc7 Kf6 43. Nxd5+ Kxf5 44. Qxd7+ Nxd7 45. Nc3 Nc5 46. e4+ Ke6 47.
Nd5 Nxe4 48. Nc4 Ng3+ 49. Ke3 Kxd5 50. Nxa5 Ne4 51. b4 Bxb4 52. Rd8+ Ke5 53.
Nc4+ Ke6 54. Kxe4 Ba5 55. Rd6+ Ke7 56. Kf5 Bc7 57. Re6+ Kd7 58. Ne3 Bd8 59. Ke5
Bc7+ 60. Kd5 Bf4 61. Nf5 Bh6 62. Re7+ Kd8 63. Ke6 Bf8 64. Rd7+ Ke8 65. Nd4 Bc5
66. Nc6 Kf8 67. Ne7 Ke8 68. Ng6 Bb4 69. Rf7 1/2-1/2

[Event "Astrellap "]
[Site "http://www.queenalice.com/game.php?id=778885"]
[Date "2010.5.21"]
[Round "-"]
[White "foda"]
[Black "Astrellap"]
[Result "1-0"]
[WhiteElo "1440"]
[BlackElo "1384"]

1. e4 e5 2. Bc4 g6 3. Qf3 Qf6 4. Qg3 d6 5. d3 Bh6 6. Nc3 c6 7. Bxh6 Nxh6 8. Nf3
Bg4 9. O-O O-O 10. Rad1 Nd7 11. b4 Bxf3 12. Qxf3 Qxf3 13. gxf3 Rae8 14. b5 Nc5
15. d4 exd4 16. Rxd4 Rd8 17. bxc6 bxc6 18. Re1 Ne6 19. Bxe6 c5 20. Ra4 fxe6 21.
Rxa7 Nf7 22. Nb5 c4 23. Nc7 Ng5 24. Ra3 Kf7 25. Ra7 Ke7 26. Nb5+ Rd7 27. Kg2
Rxf3 28. Ra3 Rf7 29. h4 Kf6 30. hxg5+ Kxg5 31. Nd4 Rde7 32. Rg3+ Kh6 33. Nc6 Rc7
34. Nd8 Rfe7 35. Rh3+ Kg7 36. Rd1 Rcd7 37. Nc6 Re8 38. e5 Rc7 39. Rxd6 h5 40.
Nd4 Kf7 41. f4 Rd7 42. Nb5 Ke7 43. Rc6 Rd2+ 44. Kf1 Rxc2 45. Rc7+ Kf8 46. Rc3
Rxa2 47. R3xc4 Raa8 48. Nd6 Re7 49. Rc8+ Rxc8 50. Rxc8+ Kg7 51. Ne8+ Kf7 52.
Nd6+ Kg7 53. Re8 1-0

[Event "Let's Play Chess!"]
[Site "http://www.queenalice.com/game.php?id=784650"]
[Date "2010.6.3"]
[Round "-"]
[White "horsemen"]
[Black "Astrellap"]
[Result "1-0"]
[WhiteElo "1382"]
[BlackElo "1359"]

1. e4 e5 2. Nf3 d6 3. d3 g6 4. b3 h5 5. Bg5 Nf6 6. Bxf6 Qxf6 7. Nc3 c6 8. g3 Bg4
9. Be2 Nd7 10. Ng1 O-O-O 11. Bxg4 hxg4 12. Qxg4 Bh6 13. Nf3 d5 14. exd5 cxd5 15.
Nxd5 Qd6 16. c4 f5 17. Qh3 Bg7 18. Qg2 b5 19. a4 b4 20. h4 Nc5 21. d4 exd4 22.
Nxd4 Bxd4 23. Rd1 Qe5+ 24. Kf1 Nxb3 25. Nxb4 Rde8 26. Qc6+ Qc7 27. Rd3 Qxc6 28.
Nxc6 Bc5 29. Rxb3 Kc7 30. Na5 Kd6 31. Nb7+ Kc6 32. Rb5 Re5 33. f4 Re7 34. Nxc5
Ra8 35. h5 a6 36. Ra5 Kb6 37. Nb3 Rh7 38. g4 fxg4 39. Rg1 Rxh5 40. Rxh5 gxh5 41.
Rg2 Rf8 42. Rf2 g3 43. Rf3 h4 44. Nc1 Rg8 45. Kg1 h3 46. Ne2 h2+ 47. Kh1 Rh8 48.
Rxg3 Ka5 49. Nc3 Kb4 50. Ne2 Kxa4 51. f5 Rf8 52. Rf3 Rh8 53. f6 1-0

[Event "Challenge"]
[Site "http://www.queenalice.com/game.php?id=816786"]
[Date "2010.8.11"]
[Round "-"]
[White "rodriw02"]
[Black "Astrellap"]
[Result "0-1"]
[WhiteElo "1499"]
[BlackElo "1370"]

1. e4 Nf6 2. d3 e5 3. Nf3 d6 4. Ng5 Be6 5. Nc3 c6 6. Nf3 h6 7. h3 g5 8. g4 Nbd7
9. Na4 b5 10. Nc3 Qb8 11. b3 d5 12. exd5 cxd5 13. Be3 d4 14. Bxd4 exd4 15. Nxd4
Bd5 16. f3 Bb4 17. Qe2+ Qe5 18. Kd1 Bxc3 19. Rb1 Bxd4 20. Qd2 O-O-O 21. Bg2 Rhe8
22. c4 Bc3 23. Qf2 Bd4 24. Qc2 Nc5 25. cxd5 Nxd5 26. f4 gxf4 27. Bxd5 Qxd5 28.
Kd2 Qg2+ 29. Kd1 Qxh1+ 30. Kd2 Qxh3 31. b4 Qg2+ 32. Kd1 Qf3+ 33. Kd2 Re2+ 34.
Kc1 Qf1+ 35. Qd1 Nxd3# 0-1

[Event "Let's Play Chess!"]
[Site "http://www.queenalice.com/game.php?id=816849"]
[Date "2010.8.11"]
[Round "-"]
[White "Astrellap"]
[Black "jw16js"]
[Result "0-1"]
[WhiteElo "1391"]
[BlackElo "1449"]

1. d3 e5 2. e4 d6 3. Nf3 Bg4 4. Bg5 f6 5. Nh4 Bxd1 6. Kxd1 fxg5 7. Nf5 g6 8. Ng3
Nc6 9. c3 Qf6 10. Nd2 Qxf2 11. Kc2 Bh6 12. Rd1 g4 13. Be2 Qxg2 14. h4 Qxg3 15.
Rhg1 Qxh4 16. Bxg4 Qf2 17. Rgf1 Qb6 18. a4 Na5 19. Nb3 Qxb3+ 20. Kb1 Bf4 21.
Rxf4 exf4 0-1

[Event "Let's Play Chess!"]
[Site "http://www.queenalice.com/game.php?id=816850"]
[Date "2010.8.11"]
[Round "-"]
[White "jw16js"]
[Black "Astrellap"]
[Result "1-0"]
[WhiteElo "1550"]
[BlackElo "1368"]

1. e4 Nc6 2. f3 d6 3. d4 b6 4. d5 Ne5 5. c3 Bb7 6. Qa4+ c6 7. f4 b5 8. Qd4 Qb6
9. Qb4 f6 10. fxe5 fxe5 11. a4 c5 12. a5 cxb4 13. axb6 axb6 14. Bxb5+ Kf7 15.
Ne2 Rxa1 16. Nd2 bxc3 17. O-O+ Nf6 18. Nb3 Rb1 19. Nxc3 Rxc1 20. Nxc1 e6 21.
dxe6+ Kxe6 22. N1e2 Bxe4 23. Nxe4 Nxe4 24. Bd3 Nd2 25. Rd1 e4 26. Bb5 Nb3 27.
Nf4+ Kf5 28. g3 g5 29. Nd5 Bg7 30. Nxb6 Bxb2 31. Rb1 Bd4+ 32. Kg2 Rb8 33. Bd7+
Kf6 34. Rxb3 Rxb6 35. Ra3 Rb2+ 36. Kh3 h5 37. Ra6 Ke5 38. Be8 e3 39. Bxh5 e2 40.
Ra1 Bf2 41. Ra5+ Bc5 42. Bxe2 Rxe2 43. Ra8 Bg1 44. Re8+ Kf5 45. Rxe2 Bxh2 46.
Rxh2 d5 47. Re2 g4+ 48. Kh4 d4 49. Re1 d3 50. Re8 Kf6 51. Rd8 1-0

[Event "Challenge"]
[Site "http://www.queenalice.com/game.php?id=820553"]
[Date "2010.8.19"]
[Round "-"]
[White "rodriw02"]
[Black "Astrellap"]
[Result "1-0"]
[WhiteElo "1545"]
[BlackElo "1377"]

1. e4 d6 2. Nc3 c6 3. Qf3 b5 4. b4 Nf6 5. d4 Nbd7 6. Bg5 h6 7. Bxf6 exf6 8. Nh3
Qb6 9. Ne2 a5 10. Qa3 g6 11. c3 Bb7 12. Nc1 d5 13. e5 axb4 14. Qb3 bxc3 15. Qxc3
Ra3 16. Nb3 h5 17. Qe3 fxe5 18. Ng5 Bb4+ 19. Ke2 O-O 20. g4 f6 21. Ne6 Rf7 22.
gxh5 g5 23. h6 Kh7 24. Qh3 c5 25. dxc5 Qc6 26. Nd8 g4 27. Qh5 Qc8 28. Nxf7 Qg8
29. Qf5+ Qg6 30. Qxd7 Ra7 31. Nxe5+ Kxh6 32. Nxg6 Kxg6 33. Qxg4+ Kf7 34. Qxb4
Bc6 35. Rg1 Re7+ 36. Kd1 Re4 37. Bd3 Rxb4 38. Na5 Be8 39. Kd2 d4 40. Bg6+ Ke6
41. Bxe8 Rb2+ 42. Kc1 Rxf2 43. Re1+ Kf5 44. c6 Rxh2 45. c7 Rh8 46. Rf1+ Ke6 47.
c8=Q+ Ke7 48. Qd7+ Kf8 49. Qf7# 1-0

[Event "Astrellap"]
[Site "http://www.queenalice.com/game.php?id=823527"]
[Date "2010.8.26"]
[Round "1"]
[White "Astrellap"]
[Black "robinud"]
[Result "0-1"]
[WhiteElo "1348"]
[BlackElo "1904"]

1. e3 e5 2. d3 d5 3. g4 Nc6 4. c3 Nh6 5. h3 g6 6. Bg2 Be6 7. Qb3 b6 8. Qb5 Qd7
9. e4 a6 10. Qb3 Na5 11. Qc2 dxe4 12. Bxe4 Bd5 13. b4 Bxe4 14. dxe4 Nc4 15. Nf3
Bg7 16. O-O Nxg4 17. hxg4 Qxg4+ 18. Kh2 Qxf3 19. Rg1 Qh5+ 20. Kg2 O-O 21. Rh1
Qg4+ 22. Kh2 Nd6 23. f3 Qxf3 24. Qg2 Qxg2+ 25. Kxg2 Nxe4 26. Kf3 Nd6 27. Nd2 e4+
28. Nxe4 Nxe4 29. Kxe4 Bxc3 30. Rb1 Rad8 31. Be3 Rfe8+ 32. Kf3 Rd3 33. Ke2
Rexe3+ 34. Kf2 Rf3+ 0-1

[Event "Challenge"]
[Site "http://www.queenalice.com/game.php?id=823630"]
[Date "2010.8.26"]
[Round "-"]
[White "Astrellap"]
[Black "peaceman"]
[Result "1-0"]
[WhiteElo "1337"]
[BlackElo "1320"]

1. e3 g6 2. d4 d5 3. f3 Nf6 4. b3 e6 5. c3 Qd6 6. Nh3 b6 7. a3 Nc6 8. f4 Ng4 9.
Qe2 Be7 10. Qxg4 f5 11. Qe2 Na5 12. Nd2 Qc6 13. Bb2 Bd7 14. a4 Bf6 15. Nf3 Nxb3
16. Qd1 a6 17. Qxb3 a5 18. Ne5 Qd6 19. O-O-O Qe7 20. Ng5 Bxg5 21. fxg5 Qxg5 22.
Re1 h5 23. g3 Qg4 24. Nxg4 fxg4 25. Bb5 c6 26. Bd3 O-O 27. Qxb6 Rab8 28. Qxa5
Ra8 29. Qc7 Rfc8 30. Qxd7 Rf8 31. Bxg6 Rad8 32. Qh7# 1-0

[Event "Challenge"]
[Site "http://www.queenalice.com/game.php?id=826121"]
[Date "2010.8.31"]
[Round "-"]
[White "rodriw02"]
[Black "Astrellap"]
[Result "1-0"]
[WhiteElo "1566"]
[BlackElo "1344"]

1. e4 Nc6 2. d3 e6 3. Nf3 h6 4. d4 g5 5. g4 f6 6. Nc3 a6 7. Na4 b5 8. Nc5 Bxc5
9. dxc5 d6 10. cxd6 cxd6 11. Bd3 Nge7 12. b3 e5 13. a4 Bxg4 14. h3 Bh5 15. Be2
Nd4 16. Nxd4 Bf7 17. Nf3 O-O 18. h4 g4 19. Nh2 Rc8 20. Nxg4 Bh5 21. Nxh6+ Kh7
22. Bxh5 Qb6 23. Qg4 Rg8 24. Nxg8 Nxg8 25. Qxc8 Qd4 26. Qd7+ Kh8 27. Bg6 1-0

[Event "Challenge"]
[Site "http://www.queenalice.com/game.php?id=833756"]
[Date "2010.9.16"]
[Round "-"]
[White "pedroingles"]
[Black "Astrellap"]
[Result "1-0"]
[WhiteElo "1855"]
[BlackElo "1352"]

1. d4 d5 2. c4 c6 3. Nf3 f6 4. Nc3 g5 5. h3 e6 6. e4 Ne7 7. Be2 b6 8. O-O Ba6 9.
b3 dxe4 10. Nxe4 Bg7 11. Be3 O-O 12. Qd2 Nd7 13. Rad1 Rb8 14. Rfe1 f5 15. Nexg5
Rf6 16. Ne5 Nxe5 17. dxe5 Qxd2 18. Rxd2 Rff8 19. Bf4 Rbd8 20. Rxd8 Bh6 21. Rxf8+
Kxf8 22. Nxh7+ Kf7 23. Bxh6 b5 24. Bh5+ 1-0

[Event "Challenge"]
[Site "http://www.queenalice.com/game.php?id=833757"]
[Date "2010.9.16"]
[Round "-"]
[White "Astrellap"]
[Black "pedroingles"]
[Result "0-1"]
[WhiteElo "1350"]
[BlackElo "1857"]

1. e4 e5 2. d3 d5 3. f3 Nf6 4. b3 Bb4+ 5. c3 Ba5 6. b4 Bb6 7. Ne2 dxe4 8. Qa4+
Bd7 9. b5 exd3 10. Ng3 O-O 11. Bxd3 Na6 12. Ne4 Nxe4 13. Bxe4 Nc5 14. Qc4 Nxe4
15. Qxe4 Bc6 16. Qb4 Bd5 17. c4 a5 18. Qd2 Bxc4 19. Qxd8 Raxd8 20. Nd2 Bxb5 21.
Rb1 Ba6 22. Nb3 Rd7 23. Rb2 Rfd8 24. Rd2 a4 25. Rf1 Bxf1 0-1

[Event "best of 3"]
[Site "http://www.queenalice.com/game.php?id=835689"]
[Date "2010.9.21"]
[Round "-"]
[White "Astrellap"]
[Black "peaceman"]
[Result "1/2-1/2"]
[WhiteElo "1336"]
[BlackElo "1307"]

1. Nc3 Nc6 2. a3 e5 3. d3 d5 4. e3 Nf6 5. Qf3 d4 6. exd4 Nxd4 7. Qd1 Bd7 8. a4
a5 9. g3 Ng4 10. Qd2 Qf6 11. Be2 Nxf2 12. Bf3 Qxf3 13. Nxf3 Nxf3+ 14. Ke2 Nxd2
15. Kxf2 Bc5+ 16. Ke2 Bc6 17. Rd1 Nf3 18. b3 Nxh2 19. Be3 b6 20. Nb5 Kd7 21. Rh1
Ng4 22. Raf1 Bxe3 23. Rxf7+ Ke6 24. Rhf1 Rhf8 25. Nxc7+ Kd6 26. c4 Nh2 27. R1f5
Kc5 28. Kxe3 g6 29. Nxa8 gxf5 30. Rxf8 Kb4 31. Nxb6 Kxb3 32. Rxf5 Bxa4 33. Rxe5
Kb4 34. Kd4 Nf3+ 35. Kd5 Bb5 36. cxb5 Nxe5 37. d4 1/2-1/2

[Event "Astrellap"]
[Site "http://www.queenalice.com/game.php?id=843779"]
[Date "2010.10.9"]
[Round "2"]
[White "lcchaves13"]
[Black "Astrellap"]
[Result "1-0"]
[WhiteElo "1491"]
[BlackElo "1346"]

1. e4 e5 2. Bc4 Nh6 3. Qf3 Bd6 4. d3 O-O 5. Nh3 Qf6 6. Qg3 Nc6 7. f4 exf4 8.
Bxf4 Qxb2 9. O-O Qxa1 10. c3 Na5 11. e5 b5 12. Bxh6 g6 13. Qf2 Ba3 14. Qc2 Qb2
15. Qd1 Bb7 16. Rf2 Qc1 17. Bxc1 Bc5 18. Ng5 Bxf2+ 19. Kxf2 bxc4 20. Qg4 f5 21.
exf6 Rxf6+ 22. Ke2 Re8+ 23. Kd1 cxd3 24. Qh4 h5 25. Qd4 Rf1+ 26. Kd2 Re2+ 27.
Kxd3 Ba6+ 28. c4 Bxc4+ 29. Kc3 d5 30. Qxa7 Rxc1+ 31. Kd4 Rd1+ 32. Kc5 Rxa2 33.
Qxc7 Rf1 34. Nd2 Rf5 35. Qh7+ Kf8 36. Ne6+ 1-0

[Event "Challenge"]
[Site "http://www.queenalice.com/game.php?id=861867"]
[Date "2010.11.21"]
[Round "-"]
[White "SunKite"]
[Black "Astrellap"]
[Result "1-0"]
[WhiteElo "1353"]
[BlackElo "1323"]

1. e3 g6 2. Qf3 e6 3. Nc3 Qf6 4. Ne4 d5 5. Nxf6+ Nxf6 6. Qxf6 Rg8 7. Nf3 Kd7 8.
Ne5+ Kd6 9. f4 Nd7 10. Qxf7 Rg7 11. Qe8 1-0

[Event "Let's Play Chess!"]
[Site "http://www.queenalice.com/game.php?id=885385"]
[Date "2011.1.13"]
[Round "-"]
[White "mike52"]
[Black "Astrellap"]
[Result "1-0"]
[WhiteElo "1407"]
[BlackElo "1291"]

1. e4 e5 2. d3 g6 3. a3 c6 4. h3 b5 5. Be2 f6 6. g4 g5 7. b4 d6 8. Bd2 Bh6 9.
Nf3 Nd7 10. Nc3 Ne7 11. Na2 O-O 12. h4 Kg7 13. h5 d5 14. exd5 Nxd5 15. Nc3 Nxc3
16. Bxc3 a6 17. Bb2 a5 18. Bc3 c5 19. bxa5 b4 20. axb4 cxb4 21. Bxb4 Rg8 22. Nd2
Bb7 23. f3 Qc7 24. c4 Nc5 25. Bxc5 Qxc5 26. Nb3 Qb4+ 27. Nd2 Rgf8 28. Qb3 Qe7
29. Ne4 Bxe4 30. fxe4 Qe6 31. Qb7+ Qf7 32. Qb6 Qa7 33. Qb5 Kf7 34. Qd5+ Ke7 35.
c5 Qd7 36. Qc4 Qd4 37. Qxd4 exd4 38. O-O Rfc8 39. Rfc1 Kd8 40. Bf3 Rab8 41. a6
1-0

[Event "Challenge"]
[Site "http://www.queenalice.com/game.php?id=889921"]
[Date "2011.1.23"]
[Round "-"]
[White "Martial"]
[Black "Astrellap"]
[Result "1-0"]
[WhiteElo "1492"]
[BlackElo "1308"]

1. e4 e5 2. Nf3 f6 3. Nc3 c6 4. d4 Ne7 5. Bc4 b5 6. Bb3 a5 7. a4 Ba6 8. O-O b4
9. Ne2 Bxe2 10. Qxe2 Ng6 11. dxe5 h6 12. exf6 Qxf6 13. e5 Qe7 14. Re1 d6 15.
exd6 Qxe2 16. Rxe2+ Kd7 17. Bf4 Nxf4 18. Ne5+ Kxd6 19. Nc4+ Kc7 20. Re4 Bd6 21.
Rd1 Rd8 22. Nxd6 Rxd6 23. Rxd6 Kxd6 24. Rxf4 Nd7 25. Rf7 Rf8 26. Rxg7 Rf6 27. h4
c5 28. g4 Rf4 29. Be6 Ne5 30. Rh7 Kxe6 31. Rxh6+ Kd5 32. g5 Rg4+ 33. Kh2 Rxg5
34. hxg5 1-0

[Event "Challenge"]
[Site "http://www.queenalice.com/game.php?id=897748"]
[Date "2011.2.8"]
[Round "-"]
[White "Astrellap"]
[Black "Martial"]
[Result "0-1"]
[WhiteElo "1299"]
[BlackElo "1498"]

1. d4 d5 2. c3 Nf6 3. f3 e6 4. h3 Bd6 5. g3 Bxg3+ 6. Kd2 O-O 7. b4 Nc6 8. h4 Re8
9. Nh3 b6 10. b5 Na5 11. Na3 e5 12. Ng5 e4 0-1